Bilecik Bilecik Bilecik Bilecik Bilecik

Hayvan hakları = (Record no. 68352)

MARC details
000 -BAŞLIK
Sabit Uzunluktaki Kontrol Alanı 01906nam a22004337a 4500
001 - KONTROL NUMARASI
Control Dosyası 0067781
003 - KONTROL NUMARASI KİMLİĞİ
Kontrol Alanı KOHA_MİRAKIL
005 - EN SON İŞLEM TARİHİ ve ZAMANI
Kontrol Alanı 20260207004726.0
007 - FİZİKSEL TANIM SABİT ALAN - GENEL BİLGİ
Sabit uzunluklu kontrol alanı ta
008 - SABİT UZUNLUKTAKİ VERİ ÖGELERİ - GENEL BİLGİ
Sabit Alan 221123s20062017tu |||gr||||#||||0|tur |
020 ## - ISBN - ULUSLARARASI STANDART KİTAP NUMARASI
Isbn 9752982646
020 ## - ISBN - ULUSLARARASI STANDART KİTAP NUMARASI
Isbn
-- 9789752982642
040 ## - KATALOGLAMA KAYNAĞI
Özgün Kataloglama Kurumu TR-BiSEU
Kataloglama Dili tur
Çeviri Kurumu TR-BiSEU
Açıklama Kuralları rda
041 0# - DİL KODU
Metin ya da ses kaydının dil kodu tur
044 ## - YAYINLAYAN/ÜRETEN KURULUŞUN ÜLKE KODU
ISO country code tu
050 ## - SINIFLAMA ve YER NUMARASI
Sınıflama Numarası HV4708
Yer Numarası .D44 2006
100 1# - KİŞİ ADI
Yazar Adı (Kişi adı) DeGrazia, David..
240 10 - TEK BİÇİM BAŞLIK
Language of a work Türkçe
240 10 - TEK BİÇİM BAŞLIK
Tekbiçim Başlık <a href="animal rights">animal rights</a>
Language of a work Türkçe
245 1# - ESER ADI BİLDİRİMİ
Başlık Hayvan hakları =
Alt Eseradı vb. animal rights/
Sorumluluk Bildirimi David. DeGrazia ; David DeGrazia; Türkçesi Hakan Gür.
264 #1 - ÜRERİM, YAYIN, DAĞITIM ve TELİF BİLDİRİMİ
Yayın yeri Ankara :
Yayınlayan Dost Kitabevi Yayınları,
Yayın tarihi 2006.
-- 2017
300 ## - FİZİKSEL TANIMLAMA
Sayfa, Cilt vb. 173 sayfa: resimli ;
Boyutları 17 cm.
336 ## - İÇERİK TÜRÜ
Content type term metin
Content type code txt
Source rdacontent
337 ## - MEDYA TÜRÜ
Media type term aracısız
Media type code n
Source rdamedia
338 ## - TAŞIYICI TÜRÜ
Carrier type term cilt
Carrier type code nc
Source rdacarrier
490 1# - DİZİ BİLDİRİMİ
Dizi Bildirimi Kültür Kitaplığı ;
Cilt Numarası 51.
490 1# - DİZİ BİLDİRİMİ
Dizi Bildirimi Sosyoloji ;
Cilt Numarası 2
500 ## - GENEL NOT
Genel Not Özgün adı: Animal rights.
505 ## - İÇİNDEKİLER NOTU
İçindekiler Notu Hayvanların moral hakları olabilir mi? Olabilirse, bu ne anlama gelmektedir? Hayvanlar ne tür zihinsel yaşayışlara sahiptir ve onların esenliğine ilişkin bilgimizin kaynağı nedir? Bu soruları temel alan DeGrazia, hayvanlarla kurduğumuz ilişkinin doğası hakkında can alıcı bir argüman geliştiriyor. İnsanların, hayvanların dünyasıyla kurduğu ilişkinin temel öncülleri bir yana, hayvanat bahçeleri gibi seyirlik alanların meşruiyet dayanaklarından tıbbı deneylerde kobay olarak kullanılan hayvanların durumuna dek kapsamlı bir tartışma başlatıyor.
650 #0 - KONU BAŞLIĞI EK GİRİŞ - KONU TERİMİ
Konusal terim veya coğrafi ad Hayvan hakları
9 (RLIN) 128726
650 #0 - KONU BAŞLIĞI EK GİRİŞ - KONU TERİMİ
Konusal terim veya coğrafi ad Hayvan psikolojisi
9 (RLIN) 128727
650 #0 - KONU BAŞLIĞI EK GİRİŞ - KONU TERİMİ
Konusal terim veya coğrafi ad Hayvan sağlığı
9 (RLIN) 39851
650 #0 - KONU BAŞLIĞI EK GİRİŞ - KONU TERİMİ
Konusal terim veya coğrafi ad Animal rights
9 (RLIN) 128728
650 #0 - KONU BAŞLIĞI EK GİRİŞ - KONU TERİMİ
Konusal terim veya coğrafi ad Animal psychology
9 (RLIN) 128729
650 #0 - KONU BAŞLIĞI EK GİRİŞ - KONU TERİMİ
Konusal terim veya coğrafi ad Animal welfare
9 (RLIN) 128730
830 1# - SERİ EK GİRİŞİ - TEKBİÇİM ESER ADI
Tekbiçim Başlık Kültür Kitaplığı ;
Volume number/sequential designation 51.
9 (RLIN) 91807
830 1# - SERİ EK GİRİŞİ - TEKBİÇİM ESER ADI
Tekbiçim Başlık Sosyoloji ;
Volume number/sequential designation 2
9 (RLIN) 15722
942 ## - EK GİRİŞ ÖGELERİ (KOHA)
Source of classification or shelving scheme Library of Congress Classification
Koha item type Book
Holdings
Materyal Türü Kalıcı Konum Mevcut Konum Raf Yeri Sınıflandırma Kaynağı Edinim Bilgisi Ana Konular Alt Konular Yer Numarası Demirbaş Numarası Fatura Tarihi Geri Çekilme Durumu Kayıp Durumu Hasarlı Durumu Kredi için değil Kayıt Tarih Toplam Ödünçverme Son Görülme Tarihi Son Kontrol Tarihi
Book Prof. Dr. Azmi Özcan Kütüphanesi Prof. Dr. Azmi Özcan Kütüphanesi Uluğbey Salonu Library of Congress Classification Satın SOSYAL BİLİMLER Sosyal Patoloji, Sosyal ve Kamu Refahı, Kriminoloji HV4708 .D44 2006 0067781 02/02/2026         23/11/2022   06/03/2025 06/03/2025